Номограммы для составления тепловых балансов, котельных установок: пособие для инженеров-теплотехников и механиков

Detalhes bibliográficos
Outros Autores: Грановский Р. Г. Роман Григорьевич (составитель), Гехт Р. И.
Idioma:russo
Publicado em: Москва, Транспечать, 1925
Assuntos:
Formato: Livro
KOHA link:https://koha.lib.tpu.ru/cgi-bin/koha/opac-detail.pl?biblionumber=349503

MARC

LEADER 00000nam0a2200000 4500
001 349503
005 20231102010217.0
035 |a (RuTPU)RU\TPU\retro\1907 
090 |a 349503 
100 |a 20180601d1925 m y0rusy50 ca 
101 0 |a rus 
102 |a RU 
105 |a a j 000zy 
200 1 |a Номограммы для составления тепловых балансов, котельных установок  |e пособие для инженеров-теплотехников и механиков  |f сост. Р. Г. Грановский, Р. И. Гехт 
210 |a Москва  |c Транспечать  |d 1925 
215 |a 18 с.  |c табл., схемы 
316 |5 63413507: М-132886  |a На титульном листе владельческая подпись: "Бутаков" 
317 |5 63413507: М-132886  |a Поступила в НТБ в 1970 г. в составе книжного собрания профессора ТПИ И. Н. Бутакова 
606 1 |a Котельные установки  |x Тепловой расчет  |2 stltpush  |3 (RuTPU)RU\TPU\subj\16007  |9 42202 
610 1 |a тепловой баланс 
610 1 |a номограммы 
610 1 |a мазут 
610 1 |a каменные угли 
610 1 |a торф 
610 1 |a библиотека И. Н. Бутакова 
610 1 |a дрова 
610 1 |a владельческая надпись 
675 |a 621.18.016  |v 4 
702 1 |a Грановский  |b Р. Г.  |g Роман Григорьевич  |4 220 
702 1 |a Гехт  |b Р. И.  |4 220 
801 1 |a RU  |b 63413507  |c 20180601 
801 2 |a RU  |b 63413507  |c 20180601  |g RCR 
942 |c BK